LEADER 01211nam a2200253 u 4500 001 000000115568 003 CaOOAMICUS 005 20090508124815.0 008 090508s1897 nyu u000 u eng r 040 $aPUL$bita$dLDB 100 1 $aMilton, John,$d1608-1674.$0(OLS)http://pul/name/34916 245 14$aThe poetical works of John Milton /$cwith introduction by David Masson. 260 $aNew York :$bMacmillan and co., limited,$c1897. 300 $axi, 625 p. ;$c20 cm 490 1 $aNew uniform and complete editions of the poets 700 1 $aMasson, David.$0(OLS)http://pul/name/71635 700 1 $aMilton, John,$d1608-1674.$tWorks.$0(OLS)http://pul/nameTitle/921$0(OLS)http://pul/name/34916$0(OLS)http://pul/title/117607 830 0$aNew uniform and complete editions of the poets.$0(OLS)http://pul/title/145210 850 $aPUL 852 $aPUL$W1$xDP1 Fondo Fallaci$y66$mA VI 30$j132383$qFondi$B131381$CPULBib$Z2$F131381 $82 941 1 $a1 961 $aEx libris Oriana FallaciSul verso della cop.: Ex libris Maurice D. Adams 996 $6245$aThe poetical works of John Milton$9(OLS)http://pul/title/145209 996 $6260$aNew York :$bMacmillan and co., limited$9(OLS)http://pul/publisher/80276 LEADER 01367nam a2200277 a 4500 001 000000160298 003 CaOOAMICUS 005 20170426121903.0 008 170426s1966 ne f m 001 u fre r 032 $aLibriCat 040 $aPUL$bita 100 1 $aGoossens, Charles.$0(OLS)http://pul/name/65968 245 13$aLa liberté de l'exégète-historien d'après Alfred Loisy et M.-J. Lagrange (1900-1910) / $cCharles Goossens . 260 $aTilburg :$b[s.n.],$c1966. 300 $a71 p. : $c25 cm. 502 $aEstratto di Tesi -- Pontificia Universitas Gregoriana. Facultas Histaoriae Ecclesiasticae.1966. 504 $aBibliografia in nota a piè pagina. 600 14$aLagrange, Marie-Joseph,$cO.P.,$d1855-1938.$0(OLS)http://pul/subject/17379 600 14$aLoisy, Alfred Firmin,$d1857-1940.$0(OLS)http://pul/subject/692 710 2 $aPontificia Università Gregoriana.$bFacoltà di storia ecclesiastica.$kTesi.$0(OLS)http://pul/name/11264 850 $aPUL 852 $aPUL$W1$xDP1 Tesi Pon. Univ. Gregoriana$y40$mTH PUG 1884$j183902$qTesi$B187110$CPULBib$Z2$F187110 $H30372 $82 941 1 $a16 996 $6245$aLa liberté de l'exégète-historien d'après Alfred Loisy et M.-J. Lagrange (1900-1910) / $9(OLS)http://pul/title/199948 996 $6260$aTilburg :$b[s.n.]$9(OLS)http://pul/publisher/86079 LEADER 01476nam a2200349 a 4500 001 000000176034 003 CaOOAMICUS 005 20230829115834.0 008 230829s2022 it u000 u ita r 020 $z978-88-467-6521-5* 032 $aLibriCat 040 $aPUL$bita 084 $a750 100 1 $aHelmholtz, Hermann Ludwig Ferdinand von,$d1821-1894.$0(OLS)http://pul/name/35259 240 10$aOptisches über Malerei.$lItaliano.$0(OLS)http://pul/title/217531 245 00$aOttica e pittura / $cHermann von Helmholtz ; traduzione e cura di Carmelo Calì. 260 $aPisa :$bETS,$c2022. 300 $a178 p. ;$b$c22 cm 440 0$aPhilosophica (ETS)$pLe perle ;$v287 504 $aBibliografia in nota a piè pagina. 650 4$aPittura.$0(OLS)http://pul/subject/15768 700 1 $aCalì, Carmelo.$0(OLS)http://pul/name/113087 830 0$aPhilosophica (ETS)$pLe perle ;$v287.$0(OLS)http://pul/title/154727 850 $aPUL 852 $aPUL$W1$xSL Filosofia 3$y81$m103 COLL 13.287$j200197$qDDC 21$B204980$CPULBib$Z2$F204980 $H136445 $82 941 1 $a9 996 $6020$z978-88-467-6521-5*$9(OLS)http://pul/number/169255 996 $6084$a750$9(OLS)http://pul/classification/3424 996 $6245$aOttica e pittura / $9(OLS)http://pul/title/217530 996 $6440$aPhilosophica (ETS)$pLe perle$9(OLS)http://pul/title/154727 996 $6260$aPisa :$bETS$9(OLS)http://pul/publisher/65234